Biotic indicators for biodiversity and sustainable agriculture

Spremljeno u:
Bibliografski detalji
Format: Knjiga
Jezik:Undetermined
Izdano: Amsterdam, The Netherlands Elsevier 2003
Teme:
Oznake: Dodaj oznaku
Bez oznaka, Budi prvi tko označuje ovaj zapis!
Thư viện lưu trữ: Trung tâm Học liệu Trường Đại học Cần Thơ
LEADER 00556nam a2200169Ia 4500
001 CTU_117852
008 210402s9999 xx 000 0 und d
082 |a 333.953 
082 |b B616 
245 0 |a Biotic indicators for biodiversity and sustainable agriculture 
245 0 |c Edited by Wolfgang Büchs 
260 |a Amsterdam, The Netherlands 
260 |b Elsevier 
260 |c 2003 
650 |a sustainable agriculture,biodiversity,landscape ecology,indicators ( biology ) 
904 |i Minh 
980 |a Trung tâm Học liệu Trường Đại học Cần Thơ